000 00594nam a2200229 i 4500
001 C2-0245006
003 PPAK
005 20180727210115.0
008 030220s1950 xxka|||| ||||| | eng d
040 _aPPAK
_beng
_cPPAK
_erda
082 0 4 _a823
_223
090 0 0 _a823
_bBLY
_dKSA
100 1 _aBlyton, Enid,
_eauthor
245 1 0 _aSix Cousins Again
264 1 _aUnited Kingdom :
_c1950
300 _a158 pages :
_billustrations ;
_c18 cm
336 _2rdacontent
_atext
337 _2rdamedia
_aunmediated
338 _2rdacarrier
_avolume
650 1 0 _aEnglish fiction
942 _ddc
_cB
999 _c59137
_d59137